Catalog

Record Details

Catalog Search



The Story of Social Anthropology : The Quest to Understand Human Society  Cover Image Book Book

The Story of Social Anthropology : The Quest to Understand Human Society / Ian C. Jarvie

Jarvie, Ian C. (Author).

Record details

  • ISBN: 0-07-032267-8
  • Physical Description: xi, 131 s. : il. ; 23 cm
  • Edition: 1st ed.
  • Publisher: New York : McGraw-Hill, 1972

Available copies

  • 1 of 1 copy available at Common Catalog SPOK.

Holds

  • 0 current holds with 1 total copy.
Show Only Available Copies
Location Call Number / Copy Notes Barcode Shelving Location Status Due Date
Jabok Library Soc-4 424480012189 Odborná literatura Available -

LDR 00740nam a22002411a 4500
00112509
003CZ-PrJAB
00520190808093914.0
007ta
008010422s1972 xxu eng
020 . ‡a0-07-032267-8 ‡q(váz.) : ‡cKčs 130,00
035 . ‡a(CZ PrNK)gk56210954
040 . ‡aABA001 ‡bcze ‡cABA001 ‡dABA001
080 . ‡a572.029(075)=2 ‡2undef
1001 . ‡aJarvie, Ian C. ‡4aut
24514. ‡aThe Story of Social Anthropology : ‡bThe Quest to Understand Human Society / ‡cIan C. Jarvie
250 . ‡a1st ed.
260 . ‡aNew York : ‡bMcGraw-Hill, ‡c1972
300 . ‡axi, 131 s. : ‡bil. ; ‡c23 cm
4901 . ‡aThe History of Science
830 4. ‡aThe History of Science
910 . ‡aABG312
995 . ‡aska
901 . ‡a12509 ‡bCZ PrNK ‡c12509 ‡tbiblio

Additional Resources